000 00460nam a2200193Ia 4500
003 OSt
005 20250820091103.0
008 250729s2004 xx 000 0 und d
020 _a978-8176489850
040 _cAL
041 _aeng
082 _a910.7 SIDT
100 _aSinha B B
_9221499
245 _aMastering effective english
260 _aNew Delhi
_bA P H Publishing
_c2004
300 _a244p
650 _aGeography
_9221500
942 _2ddc
_cBED
999 _c235040
_d235040